| 000 | 01099cam a2200277 a 4500 | ||
|---|---|---|---|
| 001 | 4943891 | ||
| 003 | NUST-PNEC | ||
| 005 | 20170116180737.0 | ||
| 008 | 960416s1996 nyua 001 0 eng | ||
| 010 | _a 96019482 | ||
| 020 | _a1558284699 | ||
| 040 |
_aDLC _cPNEC |
||
| 050 | 0 | 0 |
_aQA76.73.J38 _bA9 1996 |
| 082 | 0 | 0 |
_a005.2 MAK _220 |
| 100 | 1 | _aAu, Edith. | |
| 245 | 1 | 0 |
_aJava programming basics / _cEdith Au, Dave Makower and the Pencom Web works. |
| 260 |
_aNew York, NY : _bMIS:Press, _cc1996. |
||
| 300 |
_axix, 458 p. : _bill. ; _c24 cm. |
||
| 500 | _aIncludes index. | ||
| 538 | _aSystem requirements for accompanying computer disc: UNIX; Windows; Macintosh. | ||
| 650 | 0 |
_aJava (Computer program language) _xMIS, Computer |
|
| 856 | _uhttp://www.amazon.com/Java-Programming-Basics-Edith-Au/dp/1558284699/ref=sr_1_1?s=books&ie=UTF8&qid=1417370834&sr=1-1&keywords=1558284699 | ||
| 906 |
_a7 _bcbc _corignew _d1 _eocip _f19 _gy-gencatlg |
||
| 942 |
_2ddc _cBK |
||
| 999 |
_c62033 _d62033 |
||